000 00685nam a2200253Ia 4500
003 OSt
005 20221005063528.0
006 a|||||r|||| 00| 0
007 ta
008 221004b |||||||| |||| 00| 0 eng d
020 _a1 85649 539 6
024 _a17365
037 _cTextual
040 _aCRL
_cCRL
_beng
041 _2eng
_aeng
082 _aL:2.6'N9, N8
100 _aButchart Alexander
245 0 _aAnatomy of power
_b European construction of the African body
260 _aLondon
_bZed Books Gt. Brit.
_c1998
300 _a220p.
_ccm.
650 _aMEDICINE
942 _hL:2.6'N9, N8
_cTEXL
_2cc
999 _c971591
_d971591